000 00431nam a22001457a 4500
005 20170320112511.0
008 170320b xxu||||| |||| 00| 0 eng d
040 _cPK-LaUMT
082 _aZIAC 297
_bSAD-I
100 _aصدرالدین اصلاحی
245 _aاسلام ایک نظر میں/
_cصدرالدین اصلاحی
260 _aلاہور:
_bاسلامک پبلیکیشنز،
_c1975
300 _a407 ص
942 _cBK
999 _c91869
_d91869